| 000 | 01124cam2a220027700 4500 | ||
|---|---|---|---|
| 001 | qce01170121 | ||
| 005 | 20190823103536.0 | ||
| 008 | 760524s1961 sz ab b 000 0 eng | ||
| 010 | _a 63025397 | ||
| 035 | _a(Sirsi) r13658 | ||
| 035 | _a(QCAT)lss01262436 | ||
| 035 | _a(UPRA)qce01170121 | ||
| 040 | _dUPRA | ||
| 050 | 0 |
_aQC88 _b.I58 |
|
| 110 | 2 |
_aInternational Geographical Union. _6A13180.1 |
|
| 245 | 1 | 0 |
_aGeographical conversion tables : _bTables de conversion geographiques. Geographische Umrechnungstafeln. Geograficheskie tablitsy perevoda. Tablas de conversiones geograficas / _ccompiled and edited by D.H.K. Amiran and A.P. Schick. |
| 260 |
_aZurich, _c1961. |
||
| 500 | _aErrata sheet inserted. | ||
| 500 | _aIn English, French, German, Russian & Spanish. | ||
| 504 | _aBibliographical footnotes. | ||
| 650 | 0 |
_aMensuration -- Conversion tables. _xMensuration -- Conversion tables. _6S52462.1 |
|
| 700 | 1 |
_aAmiran, David H. K., 1910- _dAmiran, David H. K., 1910- _6A69039.1 |
|
| 700 | 1 |
_aSchick, A. P. _6A69040.1 |
|
| 949 |
_aQC88 _wlcc _i33729000269048 _mMAIN _p2500 _tBOOK _lON-SHELF |
||
| 004 | 13658 | ||
| 999 |
_c149368 _d149368 |
||